Every Premier League Goalscorer (2002/03) - Statistics

General Stats
  • This quiz has been taken 63 times
  • The average score is 76 of 250
Answer Stats
Player Club Goals % Correct
Thierry Henry Arsenal 24
89%
Henning Berg Blackburn Rovers 1
74%
Joe Cole West Ham United 4
74%
Michael Owen Liverpool 19
74%
Andy Cole Blackburn Rovers 7
72%
Ashley Cole Arsenal 1
72%
Carlton Cole Chelsea 3
72%
Frank Lampard Chelsea 6
72%
Robert Pirès Arsenal 15
72%
Alan Shearer Newcastle United 17
70%
Ryan Giggs Manchester United 8
70%
David Beckham Manchester United 6
68%
Dennis Bergkamp Arsenal 4
68%
Patrick Vieira Arsenal 3
68%
Paul Scholes Manchester United 14
68%
Robbie Fowler Leeds United 2
68%
Robbie Fowler Manchester City 2
68%
Dwight Yorke Blackburn Rovers 8
66%
Robbie Keane Leeds United 1
66%
Robbie Keane Tottenham Hotspur 13
66%
Les Ferdinand West Ham United 2
64%
Ruud van Nistelrooy Manchester United 25
64%
Shaun Wright-Phillips Manchester City 1
64%
Steven Gerrard Liverpool 5
64%
Teddy Sheringham Tottenham Hotspur 12
64%
Fredrik Ljungberg Arsenal 6
62%
Alan Smith Leeds United 3
60%
Kevin Campbell Everton 10
60%
Les Ferdinand Tottenham Hotspur 2
60%
Sol Campbell Arsenal 2
60%
Wayne Rooney Everton 6
60%
Kevin Phillips Sunderland 6
57%
Jimmy Floyd Hasselbaink Chelsea 11
55%
Nicolas Anelka Manchester City 14
55%
Ole Gunnar Solskjær Manchester United 9
55%
Stern John Birmingham City 5
55%
Jermain Defoe West Ham United 8
53%
John Terry Chelsea 3
53%
Mark Viduka Leeds United 20
53%
Emile Heskey Liverpool 6
51%
Kevin Davies Southampton 1
51%
Michael Carrick West Ham United 1
51%
Simon Davies Tottenham Hotspur 5
51%
Eiður Guðjohnsen Chelsea 10
49%
Gianfranco Zola Chelsea 14
49%
Phil Neville Manchester United 1
49%
Sylvain Wiltord Arsenal 10
49%
Andy Johnson West Bromwich Albion 1
47%
Damien Johnson Birmingham City 1
47%
Danny Murphy Liverpool 7
47%
Harry Kewell Leeds United 14
47%
Louis Saha Fulham 5
47%
Paolo Di Canio West Ham United 9
47%
Seth Johnson Leeds United 1
47%
Dion Dublin Aston Villa 9
45%
Gareth Barry Aston Villa 3
45%
Kolo Touré Arsenal 2
45%
Jamie Redknapp Tottenham Hotspur 3
43%
Laurén Arsenal 2
43%
Nwankwo Kanu Arsenal 5
43%
Sami Hyypiä Liverpool 3
43%
Craig Bellamy Newcastle United 7
40%
James Beattie Southampton 23
40%
Laurent Robert Newcastle United 5
40%
Martin Taylor Blackburn Rovers 2
40%
Sean Davis Fulham 3
40%
Aaron Hughes Newcastle United 1
38%
Bryan Hughes Birmingham City 2
38%
Damien Duff Blackburn Rovers 9
38%
Emmanuel Petit Chelsea 1
38%
Gareth Southgate Middlesbrough 2
38%
Jay-Jay Okocha Bolton Wanderers 7
38%
Juan Sebastián Verón Manchester United 2
38%
Milan Baroš Liverpool 9
38%
Scott Parker Charlton Athletic 4
38%
Tore André Flo Sunderland 4
38%
David Dunn Blackburn Rovers 8
36%
Diego Forlán Manchester United 6
36%
James Milner Leeds United 2
36%
Jermaine Jenas Newcastle United 6
36%
John Arne Riise Liverpool 6
36%
Kevin Nolan Bolton Wanderers 1
36%
Kieron Dyer Newcastle United 2
36%
Shaun Goater Manchester City 7
36%
Wayne Bridge Southampton 1
36%
Dean Richards Tottenham Hotspur 2
34%
El-Hadji Diouf Liverpool 3
34%
Jason Roberts West Bromwich Albion 3
34%
Lee Bowyer Leeds United 3
34%
Nick Barmby Leeds United 4
34%
Dietmar Hamann Liverpool 2
32%
Frédéric Kanouté West Ham United 5
32%
Jonathan Fortune Charlton Athletic 1
32%
Juan Pablo Ángel Aston Villa 1
32%
Marcel Desailly Chelsea 2
32%
Mikaël Silvestre Manchester United 1
32%
Chris Bart-Williams Charlton Athletic 1
30%
Facundo Sava Fulham 5
30%
Francis Jeffers Arsenal 2
30%
Gary Speed Newcastle United 2
30%
Graeme Le Saux Chelsea 2
30%
Gustavo Poyet Tottenham Hotspur 5
30%
Lee Hendrie Aston Villa 4
30%
Shaun Bartlett Charlton Athletic 4
30%
William Gallas Chelsea 4
30%
Darius Vassell Aston Villa 8
28%
David Thompson Blackburn Rovers 4
28%
Gavin McCann Sunderland 1
28%
Jason Euell Charlton Athletic 10
28%
Joey Barton Manchester City 1
28%
Luís Boa Morte Fulham 2
28%
Michael Gray Sunderland 1
28%
Nolberto Solano Newcastle United 7
28%
Steed Malbranque Fulham 6
28%
Boudewijn Zenden Chelsea 1
26%
Craig Short Blackburn Rovers 1
26%
Darren Huckerby Manchester City 1
26%
Ian Harte Leeds United 3
26%
Jonathan Greening Middlesbrough 2
26%
Marians Pahars Southampton 1
26%
Massimo Maccarone Middlesbrough 9
26%
Olof Mellberg Aston Villa 1
26%
Pascal Cygan Arsenal 1
26%
Robbie Savage Birmingham City 4
26%
Shola Ameobi Newcastle United 5
26%
Thomas Gravesen Everton 1
26%
Tomasz Radzinski Everton 11
26%
Trevor Sinclair West Ham United 9
26%
Tugay Kerimoğlu Blackburn Rovers 1
26%
Ugo Ehiogu Middlesbrough 3
26%
Brian McBride Everton 4
23%
Claus Jensen Charlton Athletic 6
23%
Clinton Morrison Birmingham City 6
23%
Danny Mills Leeds United 1
23%
Édouard Cissé West Ham United 1
23%
Henrik Pedersen Bolton Wanderers 7
23%
Iván Campo Bolton Wanderers 2
23%
Jonathan Woodgate Leeds United 1
23%
Marc-Vivien Foé Manchester City 9
23%
Niclas Jensen Manchester City 1
23%
Sylvain Legwinski Fulham 4
23%
Anthony Gardner Tottenham Hotspur 1
21%
Celestine Babayaro Chelsea 1
21%
Darren Moore West Bromwich Albion 2
21%
Eyal Berkovic Manchester City 1
21%
Geremi Middlesbrough 7
21%
Jermaine Pennant Arsenal 3
21%
Jesper Grønkjær Chelsea 4
21%
Kevin Kilbane Sunderland 1
21%
Kevin Lisbie Charlton Athletic 4
21%
Lee Clark Fulham 2
21%
Mark Fish Charlton Athletic 1
21%
Paul Konchesky Charlton Athletic 3
21%
Ricardo Gardner Bolton Wanderers 2
21%
Stan Lazaridis Birmingham City 2
21%
Stefan Moore Aston Villa 1
21%
Youri Djorkaeff Bolton Wanderers 7
21%
Alen Bokšić Middlesbrough 2
19%
Anders Svensson Southampton 2
19%
Barry Hayles Fulham 1
19%
David Unsworth Everton 5
19%
David Weir Everton 1
19%
Eirik Bakke Leeds United 1
19%
Garry Flitcroft Blackburn Rovers 2
19%
Giovanni van Bronckhorst Arsenal 1
19%
Ian Pearce West Ham United 2
19%
Jody Craddock Sunderland 1
19%
Joseph-Désiré Job Middlesbrough 4
19%
Lee Carsley Everton 3
19%
Lomana LuaLua Newcastle United 2
19%
Michael Ricketts Bolton Wanderers 6
19%
Michael Ricketts Middlesbrough 1
19%
Michael Svensson Southampton 2
19%
Salif Diao Liverpool 1
19%
Steffen Iversen Tottenham Hotspur 1
19%
Steve Marlet Fulham 4
19%
Andy Todd Blackburn Rovers 1
17%
Brett Ormerod Southampton 5
17%
Christian Ziege Tottenham Hotspur 3
17%
Christophe Dugarry Birmingham City 5
17%
Craig Hignett Blackburn Rovers 1
17%
Gary Naysmith Everton 1
17%
Jason Wilcox Leeds United 1
17%
Jeff Kenna Birmingham City 1
17%
Jonatan Johansson Charlton Athletic 3
17%
Marcus Stewart Sunderland 1
17%
Matthew Etherington Tottenham Hotspur 1
17%
Øyvind Leonhardsen Aston Villa 3
17%
Steve Howey Manchester City 2
17%
Thomas Hitzlsperger Aston Villa 2
17%
Ali Benarbia Manchester City 3
15%
Bruno N'Gotty Bolton Wanderers 1
15%
Chris Marsden Southampton 1
15%
Chris Perry Tottenham Hotspur 1
15%
Geoff Horsfield Birmingham City 5
15%
Mark Pembridge Everton 1
15%
Noel Whelan Middlesbrough 1
15%
Radostin Kishishev Charlton Athletic 2
15%
Richard Rufus Charlton Athletic 2
15%
Steve Watson Everton 5
15%
Chris Riggott Middlesbrough 2
13%
Corrado Grabbi Blackburn Rovers 1
13%
Fabrice Fernandes Southampton 3
13%
Jason Koumas West Bromwich Albion 4
13%
Jérémie Aliadière Arsenal 1
13%
Jihai Sun Manchester City 2
13%
Jo Tessem Southampton 2
13%
Malcolm Christie Middlesbrough 4
13%
Mario Stanić Chelsea 4
13%
David Bellion Sunderland 1
11%
Egil Østenstad Blackburn Rovers 1
11%
Franck Queudrue Middlesbrough 1
11%
Gary Doherty Tottenham Hotspur 1
11%
Jason McAteer Sunderland 1
11%
Joey Guðjónsson Aston Villa 2
11%
Jon Harley Fulham 1
11%
Junichi Inamoto Fulham 2
11%
Mauricio Taricco Tottenham Hotspur 1
11%
Olivier Bernard Newcastle United 2
11%
Per Frandsen Bolton Wanderers 2
11%
Szilárd Németh Middlesbrough 7
11%
Ulises de la Cruz Aston Villa 1
11%
Andy Griffin Newcastle United 1
9%
Derek McInnes West Bromwich Albion 2
9%
Edú Gaspar Arsenal 2
9%
Gary Rowett Charlton Athletic 1
9%
Hakan Şükür Blackburn Rovers 2
9%
Hugo Viana Newcastle United 2
9%
Marcus Allbäck Aston Villa 5
9%
Michael Proctor Sunderland 2
9%
Neil Clement West Bromwich Albion 3
9%
Sean Gregan West Bromwich Albion 1
9%
Steven Caldwell Newcastle United 1
9%
Agustín Delgado Southampton 1
6%
Danny Dichio West Bromwich Albion 5
6%
Darren Purse Birmingham City 1
6%
Igor Balis West Bromwich Albion 2
6%
Jovan Kirovski Birmingham City 2
6%
Juninho Paulista Middlesbrough 3
6%
Lee Marshall West Bromwich Albion 1
6%
Martin Djetou Fulham 1
6%
Paul Devlin Birmingham City 3
6%
Pierre Womé Fulham 1
6%
Sean Thornton Sunderland 1
6%
Stephen Clemence Birmingham City 2
6%
Teddy Lučić Leeds United 1
6%
David Sommeil Manchester City 1
4%
Delroy Facey Bolton Wanderers 2
4%
Gareth Farrelly Bolton Wanderers 1
4%
Scott Dobie West Bromwich Albion 5
4%
No matching quizzes found
Score Distribution
Percent of People with Each Score
Percentile by Number Answered
Your Score History
You have not taken this quiz